| 000 | 00804nam a22002657a 4500 | ||
|---|---|---|---|
| 001 | 54701 | ||
| 003 | BD-RjUL | ||
| 005 | 20211209080146.0 | ||
| 008 | 161109m19831982enka|||| |||| 001 0 eng d | ||
| 020 | _a: 0201134047 | ||
| 035 | _a(BD-RjUL)54823 | ||
| 040 |
_aBD-RjUL _beng _cBD-RjUL _dBD-RjUL |
||
| 041 | _aeng | ||
| 082 |
_223 _a512.13 _bKEA 1983 |
||
| 100 |
_aKeedy, M.L. _9163113 |
||
| 245 |
_aAlgebra and Trigonometry : _ba functions approach / _cBy M.L. Keedy, Marvin L. Bittinger |
||
| 250 | _a3rd ed. | ||
| 260 |
_aLondon : _bAddison -Wesley Publishing company, _c1982, [Reprinted 1983] |
||
| 300 |
_axiii, 622 p. : _bill ; _c25 cm. |
||
| 500 | _aIncludes index | ||
| 650 |
_aAlgebra _9163114 |
||
| 650 |
_aTrigonometry _9163115 |
||
| 700 |
_aBittinger, Marvin L. _9162733 |
||
| 942 |
_2ddc _cBK |
||
| 999 |
_c54701 _d54701 |
||